000 00234nam a2200097Ia 4500
001 683554
005 20250826161440.0
008 250824s9999 xx 000 0 und d
245 0 _aHOKUS POKUS
_cIVOR BADDIEL
260 _bTİMAŞ YAYINLARI
999 _c683554
_d683554